| 000 | 00330nam a2200109 4500 | ||
|---|---|---|---|
| 999 |
_c12495 _d12495 |
||
| 008 | 190128b ||||| |||| 00| 0 eng d | ||
| 245 | _aLocal doctors perform live kidney donation breakthrough procedure. | ||
| 260 |
_aPhilippines _bThe Philippine Star _cc2018 |
||
| 300 | _apage B12. | ||
| 650 | 0 |
_935219 _aSurgery. |
|
| 942 |
_2ddc _cPER |
||